[Event "FRA-ch Blitz Online Qual"]
[Site "Europe Echecs INT"]
[Date "2020.05.16"]
[Round "10"]
[White "Navrotescu, Catalin"]
[Black "Buksa, Nataliya"]
[Result "0-1"]
[WhiteElo "2348"]
[BlackElo "2410"]
[PlyCount "128"]
[EventDate "2020.05.16"]
[EventType "swiss (blitz)"]
[EventRounds "15"]
[EventCountry "FRA"]
[SourceTitle "CBM 196 Extra"]
[Source "ChessBase"]
[SourceDate "2020.07.31"]
[SourceVersion "1"]
[SourceVersionDate "2020.07.31"]
[SourceQuality "1"]

1. d4 d5 2. Bf4 Nf6 3. e3 e6 4. Nf3 Bd6 5. Bg3 c5 6. c3 Qc7 7. Nbd2 Nbd7 8. dxc5 Nxc5 9. Be2 0-0 10. 0-0 b6 11. c4 Bxg3 12. hxg3 Bb7 13. Rc1 Qe7 14. b4 Ncd7 15. a3 e5 16. Qb3 e4 17. Nd4 Ne5 18. c5 Rac8 19. Rc2 bxc5 20. bxc5 Bc6 21. Rb1 h6 22. Qb4 Rfd8 23. Nf5 Qc7 24. Nd6 Rb8 25. Qd4 Rxb1+ 26. Nxb1 Ned7 27. Nd2 Rb8 28. Nf5 Qa5 29. Qc3 Qxc3 30. Rxc3 Rb2 31. Ne7+ Kh7 32. Nxc6 Rxd2 33. Nd4 Ne5 34. c6 Ng8 35. c7 Ne7 36. c8Q Nxc8 37. Rxc8 Ra2 38. Rc3 Kg6 39. f4 exf3 40. gxf3 f6 41. Kf2 Nd7 42. g4 Nb6 43. Kg3 h5 44. Bd3+ Kg5 45. f4+ Kh6 46. Nf5+ Kh7 47. gxh5 Kg8 48. Rc7 Kf8 49. Rxg7 Rxa3 50. Bb5 Rb3 51. Bc6 Nc4 52. h6 Nxe3 53. Nxe3 Rxe3+ 54. Kg4 d4 55. Ba4 Ra3 56. Bd1 Ra1 57. Kf5 Rxd1 58. Kxf6 Rh1 59. h7 Rh6+ 60. Kg5 Kxg7 61. f5 Rxh7 62. f6+ Kf7 63. Kf5 Rh5+ 64. Kg4 Rd5 0-1

[Event "FRA-ch Blitz Online Qual"]
[Site "Europe Echecs INT"]
[Date "2020.05.16"]
[Round "6"]
[White "Navrotescu, Catalin"]
[Black "Joly, Julien"]
[Result "1/2-1/2"]
[WhiteElo "2348"]
[BlackElo "2188"]
[PlyCount "188"]
[EventDate "2020.05.16"]
[EventType "swiss (blitz)"]
[EventRounds "15"]
[EventCountry "FRA"]
[SourceTitle "CBM 196 Extra"]
[Source "ChessBase"]
[SourceDate "2020.07.31"]
[SourceVersion "1"]
[SourceVersionDate "2020.07.31"]
[SourceQuality "1"]

1. d4 Nf6 2. g3 g6 3. Bg2 Bg7 4. e4 d6 5. Nc3 Nbd7 6. Nge2 e5 7. 0-0 0-0 8. h3 c6 9. a4 a5 10. Be3 Re8 11. g4 exd4 12. Bxd4 Nc5 13. Ng3 Ne6 14. Be3 d5 15. exd5 cxd5 16. Nxd5 Nxd5 17. Qxd5 Bxb2 18. Rab1 Bg7 19. Qxd8 Nxd8 20. Ne4 Nc6 21. Nd6 Re7 22. Bc5 Rd7 23. Rfd1 Bf8 24. Ne4 Rxd1+ 25. Rxd1 Be6 26. Bxf8 Kxf8 27. Nc5 Rc8 28. c3 b6 29. Nxe6+ fxe6 30. Rd6 Ne5 31. Rxe6 Nc4 32. Bd5 Kg7 33. Bxc4 Rxc4 34. Rxb6 Rxa4 35. Kg2 Rc4 36. Ra6 a4 37. g5 Kg8 38. Ra7 Rxc3 39. Rxa4 Rc7 40. Kg3 Kg7 41. h4 h6 42. Ra6 hxg5 43. hxg5 Rf7 44. f4 Rd7 45. Kg4 Rf7 46. Rc6 Re7 47. Rd6 Rf7 48. Re6 Rd7 49. Kf3 Rb7 50. Rd6 Re7 51. Rd5 Kf7 52. Re5 Rb7 53. Ra5 Rb3+ 54. Kg4 Rb7 55. Ra6 Kg7 56. Rf6 Re7 57. Rd6 Rc7 58. Kf3 Re7 59. Rd4 Rc7 60. Re4 Rc3+ 61. Re3 Rc7 62. Rd3 Re7 63. Re3 Rc7 64. Ke4 Re7+ 65. Kd4 Rf7 66. Re4 Rd7+ 67. Ke3 Rf7 68. Re6 Rb7 69. Rd6 Re7+ 70. Kd4 Rf7 71. Ke5 Rf5+ 72. Ke4 Rf7 73. Ra6 Re7+ 74. Kd5 Rf7 75. Ke5 Re7+ 76. Re6 Rb7 77. Ke4 Ra7 78. Kf3 Ra3+ 79. Kg4 Ra7 80. Rb6 Re7 81. Rb5 Rf7 82. Ra5 Re7 83. f5 gxf5+ 84. Kxf5 Rf7+ 85. Kg4 Rc7 86. Ra6 Rd7 87. Kh5 Rc7 88. Rd6 Rb7 89. Rd5 Rc7 90. g6 Rb7 91. Kg5 Rc7 92. Rf5 Rd7 93. Rf7+ Rxf7 94. gxf7 Kxf7 1/2-1/2

[Event "FRA-ch Blitz Online Qual"]
[Site "Europe Echecs INT"]
[Date "2020.05.16"]
[Round "4"]
[White "Navrotescu, Catalin"]
[Black "Nineuil, Vincent"]
[Result "1-0"]
[WhiteElo "2348"]
[BlackElo "1920"]
[PlyCount "85"]
[EventDate "2020.05.16"]
[EventType "swiss (blitz)"]
[EventRounds "15"]
[EventCountry "FRA"]
[SourceTitle "CBM 196 Extra"]
[Source "ChessBase"]
[SourceDate "2020.07.31"]
[SourceVersion "1"]
[SourceVersionDate "2020.07.31"]
[SourceQuality "1"]

1. d4 Nf6 2. g3 e6 3. Nf3 d5 4. Bg2 Be7 5. 0-0 0-0 6. b3 b6 7. Bb2 Bb7 8. c4 c5 9. cxd5 exd5 10. Nbd2 Nbd7 11. Rc1 Rc8 12. Bh3 Rc7 13. dxc5 bxc5 14. Ne5 Nxe5 15. Bxe5 Bd6 16. Bb2 Re8 17. Bg2 Qe7 18. e3 Be5 19. Qc2 Bxb2 20. Qxb2 Rec8 21. Rc2 Ba6 22. Rfc1 Bd3 23. Rc3 c4 24. Bf1 Ne4 25. Nxe4 Qxe4 26. Bxd3 Qe5 27. bxc4 dxc4 28. Bf1 Qe6 29. Qb4 h5 30. Rxc4 Rxc4 31. Rxc4 Rd8 32. Qb3 g6 33. Rd4 Qe7 34. Rxd8+ Qxd8 35. h4 Qc7 36. Bc4 Kg7 37. Qc3+ Kg8 38. Qd4 Qb7 39. e4 Qc7 40. Kg2 Qb7 41. Bd5 Qc7 42. Qf6 Qd7 43. Qxg6+ 1-0

[Event "Sautron op 18th"]
[Site "Sautron "]
[Date "2018.10.20"]
[Round "1.12"]
[White "Audoubert, Jean"]
[Black "Navrotescu, Catalin"]
[Result "0-1"]
[WhiteElo "1525"]
[BlackElo "2359"]
[PlyCount "46"]
[EventDate "2018.10.20"]
[EventType "swiss"]
[EventRounds "9"]
[EventCountry "FRA"]
[SourceTitle "EXT 2021"]
[Source "ChessBase"]
[SourceDate "2020.10.23"]
[SourceVersion "1"]
[SourceVersionDate "2020.10.23"]
[SourceQuality "1"]

1. Nf3 d5 2. g3 c6 3. Bg2 Bg4 4. 0-0 Nd7 5. d3 Ngf6 6. c4 e6 7. Bf4 Be7 8. Nc3 0-0 9. Rc1 a5 10. Re1 Nc5 11. cxd5 exd5 12. Ne5 Bh5 13. d4 Ne6 14. Be3 Nd7 15. Nf3 f5 16. Bf4 g5 17. Be5 g4 18. Nd2 Nxe5 19. dxe5 f4 20. f3 Bc5+ 21. Kh1 fxg3 22. e3 Qh4 23. Nf1 gxf3 0-1

[Event "Sant'Angelo Festival Abruzzo"]
[Site "Sant'Angelo"]
[Date "2018.08.05"]
[Round "1.7"]
[White "Sjoberg, Isak"]
[Black "Navrotescu, Catalin"]
[Result "1/2-1/2"]
[WhiteElo "2089"]
[BlackElo "2372"]
[PlyCount "91"]
[EventDate "2018.08.05"]
[EventType "swiss"]
[EventRounds "9"]
[EventCountry "ITA"]
[SourceTitle "EXT 2024"]
[Source "ChessBase"]
[SourceDate "2023.10.10"]
[SourceVersion "1"]
[SourceVersionDate "2023.10.10"]
[SourceQuality "1"]

1. e4 c5 2. Nf3 Nc6 3. Bb5 d6 4. d4 cxd4 5. Qxd4 a6 6. Bxc6+ bxc6 7. c4 e5 8. Qd3 Be7 9. 0-0 Qc7 10. Nc3 Nf6 11. h3 0-0 12. Rd1 Nd7 13. Be3 Nc5 14. Bxc5 dxc5 15. Qe3 Be6 16. b3 f6 17. Rd2 Rfd8 18. Rad1 Rd4 19. Na4 Rb8 20. Nxd4 cxd4 21. Qg3 c5 22. Kh2 Bd6 23. Qf3 Bf8 24. g3 Bd7 25. Nc3 Qc8 26. Qh5 Be8 27. Qf3 dxc3 28. Qxc3 Qc7 29. Rd3 Bc6 30. f3 a5 31. a4 Be7 32. R1d2 g6 33. Re2 Rf8 34. g4 h6 35. Kg1 Kh7 36. Kg2 Rg8 37. Kf1 h5 38. Rdd2 Rf8 39. Kg1 Rf7 40. Rd3 Bf8 41. Qe1 Bh6 42. Qf2 Qe7 43. Qe1 Qc7 44. Qf2 Qa7 45. Rd6 Be8 46. Rd5 1/2-1/2

[Event "Paleochora op 10th"]
[Site "Paleochora"]
[Date "2017.07.21"]
[Round "4"]
[White "Bortnyk, Olexandr"]
[Black "Navrotescu, Catalin"]
[Result "1-0"]
[WhiteElo "2585"]
[BlackElo "2380"]
[PlyCount "41"]
[EventDate "2017.07.19"]
[EventType "swiss"]
[EventRounds "9"]
[EventCountry "GRE"]
[SourceTitle "EXT 2018"]
[Source "ChessBase"]
[SourceDate "2017.10.13"]
[SourceVersion "1"]
[SourceVersionDate "2017.10.13"]
[SourceQuality "1"]

1. e4 e6 2. d3 d5 3. Nd2 Nf6 4. g3 c5 5. Bg2 Be7 6. Ngf3 Nc6 7. 0-0 b5 8. Re1 Bb7 9. a4 bxa4 10. exd5 exd5 11. Rxa4 0-0 12. Nb3 Nd7 13. Bf4 a5 14. d4 c4 15. Nbd2 Nb4 16. Ra3 Ra6 17. Rae3 Bf6 18. h4 h6 19. b3 a4 20. bxc4 dxc4 21. Qb1 1-0

[Event "Paleochora op 10th"]
[Site "Paleochora"]
[Date "2017.07.20"]
[Round "2"]
[White "Kubista, Dietmar"]
[Black "Navrotescu, Catalin"]
[Result "0-1"]
[WhiteElo "2049"]
[BlackElo "2380"]
[PlyCount "61"]
[EventDate "2017.07.19"]
[EventType "swiss"]
[EventRounds "9"]
[EventCountry "GRE"]
[SourceTitle "EXT 2018"]
[Source "ChessBase"]
[SourceDate "2017.10.13"]
[SourceVersion "1"]
[SourceVersionDate "2017.10.13"]
[SourceQuality "1"]

1. d4 d5 2. c4 e6 3. Nc3 c6 4. cxd5 exd5 5. Qc2 g6 6. e3 Bf5 7. Bd3 Bxd3 8. Qxd3 Nf6 9. Nf3 Nbd7 10. 0-0 Bg7 11. e4 dxe4 12. Nxe4 0-0 13. Bg5 h6 14. Nxf6+ Nxf6 15. Bxf6 Bxf6 16. Rad1 Qa5 17. b3 Rad8 18. Qc4 Rd7 19. Rd2 Rfd8 20. Rfd1 Kg7 21. h3 Qf5 22. Qa4 a6 23. Qc4 Rd5 24. Qb4 R8d7 25. Qc4 h5 26. Qe2 Rd8 27. Qc4 g5 28. Qb4 g4 29. hxg4 hxg4 30. Nh2 Bg5 31. Rc2 0-1

[Event "Anogia op 6th"]
[Site "Anogia"]
[Date "2017.07.17"]
[Round "9"]
[White "Navrotescu, Catalin"]
[Black "David, Alberto"]
[Result "0-1"]
[WhiteElo "2380"]
[BlackElo "2567"]
[PlyCount "142"]
[EventDate "2017.07.10"]
[EventType "swiss"]
[EventRounds "9"]
[EventCountry "GRE"]
[SourceTitle "CBM 179 Extra"]
[Source "ChessBase"]
[SourceDate "2017.08.23"]
[SourceVersion "1"]
[SourceVersionDate "2017.08.23"]
[SourceQuality "1"]

1. d4 e6 2. Nf3 c5 3. e3 Nf6 4. Bd3 Nc6 5. 0-0 d5 6. c4 cxd4 7. exd4 dxc4 8. Bxc4 Be7 9. Nc3 0-0 10. a3 Nd5 11. Re1 Bf6 12. Ne4 Nce7 13. Nxf6+ Nxf6 14. Bg5 b6 15. Qd3 Bb7 16. Ne5 Bd5 17. Bxf6 gxf6 18. Ng4 Kg7 19. Qh3 h5 20. Bxd5 Qxd5 21. Ne3 Qg5 22. Rac1 Rac8 23. Qf3 Rxc1 24. Rxc1 Nd5 25. h4 Qf4 26. Qxf4 Nxf4 27. Rc7 Ne2+ 28. Kh2 Nxd4 29. Rxa7 Rd8 30. Ra6 b5 31. a4 bxa4 32. Rxa4 f5 33. Rc4 Nb3 34. g3 Nd2 35. Rc2 Nf3+ 36. Kh3 Ne1 37. Re2 Nd3 38. Kg2 Rb8 39. Nd1 f4 40. Rd2 Rb3 41. Nc3 Ne1+ 42. Kh3 Nf3 43. Rc2 fxg3 44. fxg3 Ne5 45. Ne4 Rb4 46. Ng5 Ng4 47. Rd2 e5 48. Kg2 Kg6 49. Re2 Rb3 50. Ne4 Ne3+ 51. Kf2 Nd1+ 52. Kg2 Rxb2 53. Rxb2 Nxb2 54. Kf3 Nc4 55. Nc3 f5 56. Ke2 Kf6 57. Nd5+ Kf7 58. Kd3 Nd6 59. Ke3 Ne4 60. Kf3 Nf6 61. Nb6 Ke6 62. Nc4 Nd5 63. Kf2 Ne7 64. Ke3 Kd5 65. Nb6+ Kc5 66. Na4+ Kb5 67. Nb2 Nd5+ 68. Kd3 Kc5 69. Na4+ Kb4 70. Nb2 e4+ 71. Kc2 Ne3+ 0-1

[Event "Anogia op 6th"]
[Site "Anogia"]
[Date "2017.07.13"]
[Round "5"]
[White "Navrotescu, Catalin"]
[Black "Gkoumas, Georgios"]
[Result "1/2-1/2"]
[WhiteElo "2380"]
[BlackElo "2414"]
[PlyCount "27"]
[EventDate "2017.07.10"]
[EventType "swiss"]
[EventRounds "9"]
[EventCountry "GRE"]
[SourceTitle "CBM 179 Extra"]
[Source "ChessBase"]
[SourceDate "2017.08.23"]
[SourceVersion "1"]
[SourceVersionDate "2017.08.23"]
[SourceQuality "1"]

1. d4 d5 2. c4 e6 3. Nc3 c6 4. Nf3 Nf6 5. cxd5 exd5 6. Bg5 Be7 7. Qc2 g6 8. e3 Bf5 9. Bd3 Bxd3 10. Qxd3 Nbd7 11. 0-0 0-0 12. Rab1 a5 13. a3 Re8 14. Qc2 1/2-1/2

[Event "Rochefort op-A16th"]
[Site "Rochefort"]
[Date "2017.02.23"]
[Round "8"]
[White "Velten, Paul"]
[Black "Navrotescu, Catalin"]
[Result "1/2-1/2"]
[WhiteElo "2456"]
[BlackElo "2357"]
[PlyCount "26"]
[EventDate "2017.02.18"]
[EventType "swiss"]
[EventRounds "9"]
[EventCountry "FRA"]
[SourceTitle "CBM 177 Extra"]
[Source "ChessBase"]
[SourceDate "2017.04.27"]
[SourceVersion "1"]
[SourceVersionDate "2017.04.27"]
[SourceQuality "1"]

1. d4 Nf6 2. Nf3 c5 3. e3 g6 4. c3 Bg7 5. Nbd2 d6 6. Bd3 0-0 7. Qe2 Nc6 8. dxc5 dxc5 9. 0-0 Qc7 10. Re1 b6 11. Ba6 Rd8 12. e4 Nh5 13. Nf1 Nf4 1/2-1/2

[Event "Rochefort op-A16th"]
[Site "Rochefort"]
[Date "2017.02.22"]
[Round "7"]
[White "Navrotescu, Catalin"]
[Black "Daulyte Cornette, Deimante"]
[Result "1-0"]
[WhiteElo "2357"]
[BlackElo "2447"]
[PlyCount "85"]
[EventDate "2017.02.18"]
[EventType "swiss"]
[EventRounds "9"]
[EventCountry "FRA"]
[SourceTitle "CBM 177 Extra"]
[Source "ChessBase"]
[SourceDate "2017.04.27"]
[SourceVersion "1"]
[SourceVersionDate "2017.04.27"]
[SourceQuality "1"]

1. c4 e6 2. Nf3 Nf6 3. g3 d5 4. Bg2 d4 5. 0-0 c5 6. e3 Nc6 7. exd4 cxd4 8. d3 Bd6 9. Na3 e5 10. Nc2 a5 11. Bg5 0-0 12. a3 h6 13. Bxf6 Qxf6 14. Nd2 Qe7 15. Re1 Be6 16. Rb1 a4 17. Ne4 Bc7 18. b4 axb3 19. Rxb3 Ba5 20. Nd2 Bc3 21. Qe2 Rfe8 22. Reb1 Bc8 23. Ne4 Ba5 24. Rb5 Qc7 25. c5 Re7 26. Nd6 Nd8 27. Nxb7 Bd7 28. Nxd4 Bc3 29. c6 Bxd4 30. cxd7 Rxd7 31. Nc5 Rxa3 32. Nxd7 Qxd7 33. Bd5 Ra1 34. Bc4 Rxb1+ 35. Rxb1 Qa7 36. Qf3 Kh7 37. Kg2 g6 38. Qf6 Qc7 39. h4 Qc6+ 40. Qxc6 Nxc6 41. Rb7 Nd8 42. Rd7 Bb6 43. Bxf7 1-0

[Event "Rochefort op-A16th"]
[Site "Rochefort"]
[Date "2017.02.21"]
[Round "6"]
[White "Colin, Vincent"]
[Black "Navrotescu, Catalin"]
[Result "1/2-1/2"]
[WhiteElo "2372"]
[BlackElo "2357"]
[PlyCount "87"]
[EventDate "2017.02.18"]
[EventType "swiss"]
[EventRounds "9"]
[EventCountry "FRA"]
[SourceTitle "CBM 177 Extra"]
[Source "ChessBase"]
[SourceDate "2017.04.27"]
[SourceVersion "1"]
[SourceVersionDate "2017.04.27"]
[SourceQuality "1"]

1. d4 Nf6 2. Bf4 d5 3. e3 e6 4. Nd2 c5 5. c3 Nc6 6. Ngf3 Bd6 7. Bg3 Bxg3 8. hxg3 Qd6 9. Qc2 Bd7 10. Bb5 0-0-0 11. a4 Kb8 12. Bxc6 Bxc6 13. Ne5 Be8 14. g4 Nd7 15. Rxh7 Rxh7 16. Nxd7+ Bxd7 17. Qxh7 cxd4 18. exd4 e5 19. Qxg7 Re8 20. dxe5 Rxe5+ 21. Kf1 f6 22. Nf3 Re4 23. Qh8+ Kc7 24. Qh2 Qxh2 25. Nxh2 Bxa4 26. Nf3 Bb5+ 27. Kg1 a6 28. Nd4 Rxg4 29. f3 Rg8 30. Kf2 Bd7 31. Rh1 Kd6 32. Rh7 b6 33. Rf7 Rg6 34. g4 a5 35. Ke3 a4 36. Kf4 Rh6 37. Nf5+ Bxf5 38. Kxf5 b5 39. f4 d4 40. cxd4 Rh2 41. Kxf6 Rxb2 42. Ra7 Kc6 43. g5 Kb6 44. Ra8 1/2-1/2

[Event "Sautron op 16th"]
[Site "Sautron"]
[Date "2016.10.22"]
[Round "7.10"]
[White "Navrotescu, Catalin"]
[Black "David, Bogdan Emanuel"]
[Result "1/2-1/2"]
[WhiteElo "2360"]
[BlackElo "2101"]
[PlyCount "84"]
[EventDate "2016.10.22"]
[EventType "swiss"]
[EventRounds "9"]
[EventCountry "FRA"]
[SourceTitle "EXT 2019"]
[Source "ChessBase"]
[SourceDate "2018.10.10"]
[SourceVersion "1"]
[SourceVersionDate "2018.10.10"]
[SourceQuality "1"]

1. c4 g6 2. d4 Bg7 3. e4 d6 4. Nc3 Nc6 5. d5 Nd4 6. Be3 e5 7. dxe6 Nxe6 8. Qd2 Ne7 9. 0-0-0 0-0 10. Nge2 f5 11. f4 Qe8 12. g4 fxe4 13. Nxe4 Qc6 14. Qc2 Nc5 15. Bxc5 dxc5 16. Rg1 Kh8 17. Rg3 Be6 18. Bg2 Qa6 19. Nxc5 Qxc4 20. b3 Qxc2+ 21. Kxc2 Bg8 22. Bxb7 Rad8 23. Rxd8 Rxd8 24. Rd3 Nd5 25. Bxd5 Rxd5 26. Rxd5 Bxd5 27. Kd3 Kg8 28. Nd4 c6 29. a4 a5 30. Nb7 Bxd4 31. Kxd4 Bxb3 32. Nxa5 Bxa4 33. Kc5 Kg7 34. Nxc6 Kf6 35. Kd6 h5 36. h3 hxg4 37. hxg4 Bd1 38. g5+ Kf5 39. Ke7 Kxf4 40. Kf6 Bc2 41. Ne5 Bb1 42. Nxg6+ Kg4 1/2-1/2

[Event "Sautron op 15th"]
[Site "Sautron"]
[Date "2015.10.24"]
[Round "7.9"]
[White "Lejarre, Ludovic"]
[Black "Navrotescu, Catalin"]
[Result "1/2-1/2"]
[WhiteElo "2342"]
[BlackElo "2366"]
[PlyCount "49"]
[EventDate "2015.10.24"]
[EventType "swiss"]
[EventRounds "9"]
[EventCountry "FRA"]
[SourceTitle "CBM 169 Extra"]
[Source "ChessBase"]
[SourceDate "2015.12.18"]
[SourceVersion "1"]
[SourceVersionDate "2015.12.18"]
[SourceQuality "1"]

1. e4 c5 2. Nc3 g6 3. g3 Bg7 4. Bg2 Nc6 5. d3 e5 6. f4 d6 7. Nh3 Nge7 8. 0-0 Nd4 9. Be3 0-0 10. Qd2 Bg4 11. Ng5 f6 12. Nf3 Qd7 13. Rf2 b5 14. Raf1 b4 15. Nd1 Rab8 16. c3 Nxf3+ 17. Bxf3 Be6 18. c4 exf4 19. Bxf4 Nc6 20. Bg2 Nd4 21. h4 Rf7 22. Ne3 Rbf8 23. Nd5 Bxd5 24. cxd5 f5 25. Bh3 1/2-1/2